| 000 | 00450nam a2200169Ia 4500 | ||
|---|---|---|---|
| 005 | 20250923144225.0 | ||
| 008 | 008 250917s9999 xx 000 0 eng d | ||
| 037 | _aReports | ||
| 040 |
_aDSWL _beng _cDSWL |
||
| 041 |
_aeng _2eng |
||
| 084 |
_aYX;5-B.4499'N44t, N47 _qDSWL |
||
| 245 | 0 | _aReport. fel 1947 | |
| 260 |
_aColombo _c1947 |
||
| 300 | _a194 p. | ||
| 942 |
_cREP _hYX;5-B.4499'N44t, N47 |
||
| 999 |
_c1436266 _d1436266 |
||